00565nam a2200169Ia 4500008004100000020001800041050002400059100002200083245008100105250002700186260003100213300002500244504005600269650002200325650002900347999001900376150223s9999 xx 000 0 und d a9780071327053 aHD 62.5b.F744 2007 aFreidmann, Susan. aRiches in niches :bhow to make it big in a small market /cSusan Freidmann. aInternational Ed. 2011 aUSA :bCareer Press,c2007 a256 pages :c21 cm.  aIncludes epilogue, reccomended resources and Index. aEntrepreneurship. aNew business enterprises c283323d283323